000 00433nam a2200205Ia 4500
001 14486
003 GE_BSU
008 181216s||||||||xx |||||||||||||| ||und||
020 _a0340767863
040 _cGE_BSU
080 _a336.7
100 _aHall,Alvin
245 _aMoney for Life
260 _aLondon
260 _bHodder and Stoughton
260 _c2000
300 _a221p.22cm.
653 _aMoney for Life
942 _cBK
999 _c47617
_d47617